[Event "Aragon-chT Preferente Gr II"]
[Site "Aragon"]
[Date "2022.02.26"]
[Round "5.55"]
[White "Garcia Mendez, Beatriz"]
[Black "Sese Serrano, Isaac"]
[Result "1-0"]
[WhiteElo "1692"]
[BlackElo "1262"]
[PlyCount "53"]
[EventDate "2022.01.29"]
[EventType "team-tourn"]
[EventRounds "9"]
[EventCountry "ESP"]
[SourceTitle "EXT 2024"]
[Source "ChessBase"]
[SourceDate "2023.10.10"]
[SourceVersion "1"]
[SourceVersionDate "2023.10.10"]
[SourceQuality "1"]
[WhiteTeam "Marcos Frechin II"]
[BlackTeam "Casablanca MyInvestor III"]
[WhiteTeamCountry "ESP"]
[BlackTeamCountry "ESP"]

1. c4 Nf6 2. g3 e6 3. Bg2 c6 4. e4 b6 5. e5 Ng8 6. Nf3 d5 7. cxd5 cxd5 8. 0-0 Ne7 9. d4 Nbc6 10. Nc3 Nf5 11. Bg5 Be7 12. Bxe7 Qxe7 13. Rc1 Bb7 14. g4 Nh6 15. Nb5 0-0 16. h3 f5 17. exf6 Rxf6 18. g5 Rxf3 19. Bxf3 Nf5 20. Re1 Qxg5+ 21. Kh1 Qh4 22. Bg4 Nce7 23. Qe2 e5 24. Qxe5 Rf8 25. Qe6+ Kh8 26. Bxf5 Rxf5 27. Qxf5 1-0